El impacto de las TIC en la contabilidad. / (Registro nro. 5748)
[ vista simple ]
| 000 -LEADER | |
|---|---|
| fixed length control field | 01544nam a2200265 4500 |
| 005 - DATE AND TIME OF LATEST TRANSACTION | |
| control field | 20250329165505.0 |
| 008 - FIXED-LENGTH DATA ELEMENTS--GENERAL INFORMATION | |
| fixed length control field | 190730s2019 000 0 eng d |
| 040 ## - CATALOGING SOURCE | |
| Original cataloging agency | CO-CtgCURN |
| Language of cataloging | spa |
| Transcribing agency | coctgcurn |
| 041 0# - LANGUAGE CODE | |
| Language code of text/sound track or separate title | spa |
| 082 0# - DEWEY DECIMAL CLASSIFICATION NUMBER | |
| Classification number | TCS 2019 |
| Item number | F475 |
| 100 1# - MAIN ENTRY--PERSONAL NAME | |
| Personal name | Figueroa R, Martin. |
| 245 13 - TITLE STATEMENT | |
| Title | El impacto de las TIC en la contabilidad. / |
| Statement of responsibility, etc. | Martin Figueroa R ; Yaiceth Simarra Tejedor ; Asesor:. |
| 260 ## - PUBLICATION, DISTRIBUTION, ETC. | |
| Place of publication, distribution, etc. | Cartagena de Indias : |
| Name of publisher, distributor, etc. | Corporacion Universitaria Rafael Nuñez, |
| Date of publication, distribution, etc. | 2019. |
| 300 ## - PHYSICAL DESCRIPTION | |
| Extent | 20 hojas. |
| 336 ## - CONTENT TYPE | |
| Source | rdacontent |
| Content type term | text |
| Content type code | txt |
| 337 ## - MEDIA TYPE | |
| Source | rdacarrier |
| Media type term | sin mediacion |
| Media type code | n |
| 338 ## - CARRIER TYPE | |
| Source | rdacarrier |
| Carrier type term | volumen |
| Carrier type code | nc |
| 502 ## - DISSERTATION NOTE | |
| Dissertation note | Trabajo de grado (Contabilidad sistematizada).Corporacion Universitaria Rafael Nuñez. Facultad de Ciencias contables y Administrativas. Contabilidad Sistematizada, 2019. |
| 520 ## - SUMMARY, ETC. | |
| Summary, etc. | La contabilidad es una herramienta util para el desarrollo de entidades economicas ya que nos permite llevar un control sobre el sistema de información financiera, para asi poder obtener un retorno optimo de la inversion. Ya que estamos en un mundo cambiante que se encuentra en constante actualizacion; |
| 650 #0 - SUBJECT ADDED ENTRY--TOPICAL TERM | |
| Topical term or geographic name entry element | Contabilidad sistematizada |
| Form subdivision | Tesis y disertaciones academicas. |
| 700 1# - ADDED ENTRY--PERSONAL NAME | |
| Personal name | Simarra Tejedor, Yaiceth, |
| Relator term | Asesor. |
| 856 ## - ELECTRONIC LOCATION AND ACCESS | |
| Uniform Resource Identifier | <a href="https://unicurn.sharepoint.com/:b:/s/biblioteca/EZ8ponxZ1kdCt6pedgaXqGsBLF-wuQIlUxBVnZvVpBerfA?e=4z2XcQ">https://unicurn.sharepoint.com/:b:/s/biblioteca/EZ8ponxZ1kdCt6pedgaXqGsBLF-wuQIlUxBVnZvVpBerfA?e=4z2XcQ</a> |
| Public note | Click aqui para ver el recurso en texto completo |
| 942 ## - ADDED ENTRY ELEMENTS (KOHA) | |
| Koha item type | Trabajos de grado |
| Classification part | TCS 2019 |
| Item part | F475 |
| Withdrawn status | Lost status | Damaged status | Not for loan | Collection | Home library | Current library | Shelving location | Date acquired | Cost, normal purchase price | Inventory number | Total checkouts | Full call number | Barcode | Date last seen | Price effective from | Koha item type |
|---|---|---|---|---|---|---|---|---|---|---|---|---|---|---|---|---|
| Trabajos de grado | Miguel Henríquez Castañeda | Miguel Henríquez Castañeda | Trabajo de grado | 03/29/2025 | 35000.00 | 022791 | TCS 2019 F475 | 022791 | 03/29/2025 | 03/29/2025 | Trabajos de grado |